000 00645nam a22001817a 4500
999 _c60750
_d60750
005 20231018172647.0
008 231018s ru xxu||||| |||| 00| 0 rus d
020 _a9779101010257
041 _arus
080 _a94 Т-14
245 _a Загадки истории. Золотая серия :
_bТайные общества
264 _aСанкт-Петербург :
_bПресс-Курьер,
_c2018.
440 _aЗолотая серия
_920115
653 _aЗагадки истории.
653 _aისტორიის საიდუმლოებები.
653 _aისტორია
942 _2udc
_cBK